| 000 | 00992nam a2200301Ia 4500 | ||
|---|---|---|---|
| 001 | Para_1370 | ||
| 003 | CHAP | ||
| 008 | 220125s1999 xx 000 0 und d | ||
| 010 | _a200078 | ||
| 040 | _cCHAP | ||
| 090 | _aPA TESIS 1311 | ||
| 100 |
_aPantaleón Paulino, Genaro _985129 |
||
| 245 |
_aPrincipales especies depredadoras de insectos de las familias : _b Coccinellidae, Carabidae y Melyridae / _c por Genaro Pantaleón Paulino |
||
| 260 |
_aChapingo, Méx. : _b El autor |
||
| 300 | _a129 h. | ||
| 502 | _aTesis (Ing. Agr. Esp. en Parasitología Agrícola), UACh. Depto. Parasitología | ||
| 650 |
_aCarabidos _919258 |
||
| 650 |
_aCoccinelidos _924203 |
||
| 650 |
_aControl biológico de plagas _927587 |
||
| 710 |
_aUACh. Departamento de Parasitología Agrícola _9115877 |
||
| 901 | _aPA TESIS 1311 | ||
| 902 | _aA | ||
| 905 | _a0000001999 a 0000000000 00 | ||
| 910 | _a1999 | ||
| 942 | _cPARA | ||
| 942 |
_cPARA _d1 |
||
| 999 |
_c200078 _d200078 |
||